1069 1259 1268 1086 1257 1230 1631 1577 1658 1997 1075 1894 1103 1294 1361 1078 1203 1570 1219 1348 1358 1153 1628 1576 1066 1538 1608 1228 1513 1228 1225 1305 1645 1901 1531 1339 1827 1879 1222 1741 1027 1430 1711 1348 1179 1098 1883 1834 1278 1391 1982 1699 1223 1263 1031 1735 1282 1696 1823 1217 1620 1407 1720 1029 1974 1807 1151 1764 1083 1821 1031 1174 1720 1307 1914 1544 1841 1035 1191 1558 1486 1120 1871 1012 1912 1068 1388 1256 1112 1650 1088 1558 1144 1488 1659 1500 1410 1783 1506 BCNSPRNW ULIB Ver.6.0+V

เปลี่ยนเป็นภาษาไทย

Change to English
 แสดงรายละเอียดบรรณานุกรม
  กลับหน้าหลัก

Brief Record : Get Marc (ISO 2709) : E-mail record : QR code < ปิดหน้าต่าง
LEADER : 00000nas 2200000uu 4500
001    13399114262
003     ULIB
008    020711s|||| th a 000 0 tha d
022    ^a16863526
110    ^aโรงพยาบาลสวรรค์ประชารักษ์
245    ^aสวรรค์ประชารักษ์เวชสาร /^cโรงพยาบาลสวรรค์ประชารักษ์
260    ^aนครสวรรค์ :^bโรงพยาบาลสวรรค์ประชารักษ์,^cม.ป.ป.
310    ^aรายสี่เดือน
850 ^a ULIB^bฉบับที่ 1 ปีที่ 8 ;ฉบับที่ 2 ปีที่ 8 ;ฉบับที่ 3 ปีที่ 9 ;ฉบับที่ 1 ปีที่ 10 ;ฉบับที่ 2 ปีที่ 10 ฉ.1 ;ฉบับที่ 3 ปีที่ 10 ฉ.1 ;ฉบับที่ 1 ปีที่ 11 ฉ.1
945    ^p0^l0^i900233
945    ^p0^l0^i900436
945    ^p0^l0^i901937
945    ^p0^l0^i901985
945    ^p0^l0^i902373
945    ^p0^l0^i902787
945    ^p0^l0^i903186
รายการนี้ยังไม่มีแท็ก
คุณยังไม่ได้ล็อกอิน คุณสามารถมีกิจกรรมร่วมกับเว็บไซต์ได้ แต่ต้องล็อกอินก่อน ::
  ล็อกอิน

รายการสื่อสารสนเทศ (วารสาร)

ดูแบบ: กล่อง รายการ
ARRIVED
ฉบับที่ 1 ปีที่ 8
สถานที่: ห้องสมุดวิทยาเขตสวรรค์ประชารักษ์ >วารสาร
ARRIVED
ฉบับที่ 2 ปีที่ 8
สถานที่: ห้องสมุดวิทยาเขตสวรรค์ประชารักษ์ >วารสาร
ARRIVED
ฉบับที่ 3 ปีที่ 9
สถานที่: ห้องสมุดวิทยาเขตสวรรค์ประชารักษ์ >วารสาร
ARRIVED
ฉบับที่ 1 ปีที่ 10
สถานที่: ห้องสมุดวิทยาเขตสวรรค์ประชารักษ์ >วารสาร
ARRIVED
ฉบับที่ 2 ปีที่ 10 ฉ.1
สถานที่: ห้องสมุดวิทยาเขตสวรรค์ประชารักษ์ >วารสาร
ARRIVED
ฉบับที่ 3 ปีที่ 10 ฉ.1
สถานที่: ห้องสมุดวิทยาเขตสวรรค์ประชารักษ์ >วารสาร
ARRIVED
ฉบับที่ 1 ปีที่ 11 ฉ.1
สถานที่: ห้องสมุดวิทยาเขตสวรรค์ประชารักษ์ >หนังสือทั่วไป
รายการใกล้เคียง
    ผู้แต่ง []

BibComment


ยังไม่เคยถูกคอมเมนท์

คอมเมนท์ทรัพยากรรายการนี้
  คอมเมนท์: สวรรค์ประชารักษ์..


 Copyright 2026. Bcnsprnw @Library